000 00172nam a2200073Ia 4500
008 170817s9999 xx 000 0 und d
100 _aCHOUBE
245 0 _aCOMPORATIVE EDUCATION
260 _bRAM PRASAD&SONS
999 _c36158
_d36158